| 000 | 00411nam a22001697a 4500 | ||
|---|---|---|---|
| 003 | NUST - PNEC | ||
| 005 | 20170116180830.0 | ||
| 008 | 150730b xxu||||| |||| 00| 0 eng d | ||
| 020 | _a0029461979 | ||
| 040 | _cLIBRARY | ||
| 082 | _a516.24 SUL | ||
| 100 |
_94565 _aSullivan, Michael |
||
| 245 |
_aTrigonometry _cMichael Sullivan |
||
| 260 | _cc.1989 | ||
| 650 |
_94566 _aTrigonometry _xMIS |
||
| 942 |
_2ddc _cBK |
||
| 999 |
_c63993 _d63993 |
||